=LDR 00000nam 2200000 4500 =001 INLIS000000000040754 =005 20141023112036.0 =006 =007 =008 ind =035 ##$$a 0010-061300000040754 =041 ##$$a ind =082 ##$$a 808.83 =090 ##$$a 808.83 , Can ,c =100 ##$$a CANFIELD, Jakt =245 ##$$a Chickea soup for the fathe's soul (Para ayah berbagi cerita tentang cinta dan pengorbanan) , Gadis kecil kesayangan ayah dan kisah-kisah nyata lainnya , Jeck Canfield =260 ##$$a 2006 $b Jakarta =300 ##$$a 197 hlm. , 23 cm =650 ##$$a CERITA HISTORIS =850 ##$$a NBPNMAT =990 ##$$a 0001/BPAP-NTB/20142014 =990 ##$$a 0001/BPAP-NTB/20142014